[Event "Gipslis mem corr"]
[Site "Russia"]
[Date "2004.??.??"]
[Round "?"]
[White "Bazhenov, Aleksandr Ivanovich"]
[Black "Khromov, Sergey Ivanovich"]
[Result "1/2-1/2"]
[WhiteElo "2324"]
[BlackElo "2481"]
[PlyCount "82"]
[EventDate "2001.07.15"]
[EventType "tourn (corr)"]
[EventRounds "16"]
[EventCountry "RUS"]
[EventCategory "9"]
[SourceTitle "Corr 2008"]
[Source "ChessBase"]
[SourceDate "2008.06.24"]
[SourceVersion "1"]
[SourceVersionDate "2008.06.24"]
[SourceQuality "1"]

1. d4 d5 2. c4 c6 3. Nc3 Nf6 4. Nf3 e6 5. Bg5 dxc4 6. e4 b5 7. e5 h6 8. Bh4 g5 9. Nxg5 hxg5 10. Bxg5 Nbd7 11. exf6 Bb7 12. g3 c5 13. d5 Qb6 14. Bg2 0-0-0 15. 0-0 b4 16. Na4 Qb5 17. a3 exd5 18. axb4 cxb4 19. Be3 Nc5 20. Qg4+ Rd7 21. Bxc5 Bxc5 22. Qg7 Rhd8 23. Bh3 Kc7 24. Bxd7 Rxd7 25. Qg5 Bd6 26. h4 Rd8 27. h5 a6 28. Qg7 Qd7 29. Kg2 Re8 30. Rae1 Bf8 31. Qg8 Rd8 32. Qg5 Qxa4 33. h6 c3 34. Re7+ Bxe7 35. fxe7 Re8 36. Qe5+ Kc8 37. h7 d4+ 38. f3 Qc2+ 39. Kg1 Qxh7 40. Qc5+ Kb8 41. Qd6+ Kc8 1/2-1/2

[Event "Gipslis mem corr"]
[Site "Russia"]
[Date "2004.??.??"]
[Round "?"]
[White "Kazoks, Aivars E"]
[Black "Khromov, Sergey Ivanovich"]
[Result "1/2-1/2"]
[WhiteElo "2371"]
[BlackElo "2481"]
[PlyCount "76"]
[EventDate "2001.07.15"]
[EventType "tourn (corr)"]
[EventRounds "16"]
[EventCountry "RUS"]
[EventCategory "9"]
[SourceTitle "Corr 2008"]
[Source "ChessBase"]
[SourceDate "2008.06.24"]
[SourceVersion "1"]
[SourceVersionDate "2008.06.24"]
[SourceQuality "1"]

1. e4 c5 2. Nc3 Nc6 3. Nge2 Nf6 4. d4 cxd4 5. Nxd4 e5 6. Ndb5 d6 7. Bg5 a6 8. Na3 b5 9. Nd5 Be7 10. Bxf6 Bxf6 11. c3 Rb8 12. Nc2 Bg5 13. a3 a5 14. Be2 0-0 15. 0-0 Ne7 16. Nce3 Be6 17. b4 g6 18. g3 Bxe3 19. Nxe3 f5 20. exf5 gxf5 21. bxa5 f4 22. gxf4 Rxf4 23. Rb1 Bh3 24. Re1 Kh8 25. Rb4 Ng6 26. Bf1 Bxf1 27. Rxf1 Qd7 28. Nd5 Rg8 29. Kh1 Qh3 30. Rxf4 Nxf4 31. Nxf4 exf4 32. Rg1 Rxg1+ 33. Kxg1 f3 34. Qd4+ Kg8 35. Qd5+ Kh8 36. Qg5 Qe6 37. Qxb5 Qe1+ 38. Qf1 Qxc3 1/2-1/2

[Event "Gipslis mem corr"]
[Site "Russia"]
[Date "2004.??.??"]
[Round "?"]
[White "Khromov, Sergey Ivanovich"]
[Black "Raykin, Leonid Gershevich"]
[Result "1/2-1/2"]
[WhiteElo "2481"]
[BlackElo "2608"]
[PlyCount "65"]
[EventDate "2001.07.15"]
[EventType "tourn (corr)"]
[EventRounds "16"]
[EventCountry "RUS"]
[EventCategory "9"]
[SourceTitle "Corr 2008"]
[Source "ChessBase"]
[SourceDate "2008.06.24"]
[SourceVersion "1"]
[SourceVersionDate "2008.06.24"]
[SourceQuality "1"]

1. e4 c5 2. Nf3 d6 3. d4 cxd4 4. Nxd4 Nf6 5. Nc3 a6 6. Bg5 e6 7. f4 b5 8. e5 dxe5 9. fxe5 Qc7 10. exf6 Qe5+ 11. Be2 Qxg5 12. Qd3 Qxf6 13. Rf1 Qe5 14. Rd1 Ra7 15. Nf3 Qc7 16. Ng5 f5 17. Qd4 h5 18. a4 bxa4 19. Rxf5 exf5 20. Nd5 Qa5+ 21. Kf1 Nc6 22. Nf6+ gxf6 23. Qxf6 Rg7 24. Qxc6+ Bd7 25. Rxd7 Rxd7 26. Qg6+ Kd8 27. Qf6+ Be7 28. Qxh8+ Kc7 29. Ne6+ Kb6 30. Qc8 Ra7 31. Qh8 Qd2 32. Qb8+ Rb7 33. Qa8 1/2-1/2

[Event "RCCA-Jub10 A corr"]
[Site "RCCA email"]
[Date "2003.06.01"]
[Round "?"]
[White "Voss, Maximilian"]
[Black "Khromov, Sergey Ivanovich"]
[Result "1-0"]
[WhiteElo "2608"]
[BlackElo "2513"]
[PlyCount "83"]
[EventDate "2003.06.01"]
[EventType "tourn (corr)"]
[EventRounds "12"]
[EventCountry "RUS"]
[SourceTitle "Corr 2008"]
[Source "ChessBase"]
[SourceDate "2008.06.24"]
[SourceVersion "1"]
[SourceVersionDate "2008.06.24"]
[SourceQuality "1"]

1. e4 c5 2. Nf3 Nc6 3. d4 cxd4 4. Nxd4 Nf6 5. Nc3 e5 6. Ndb5 d6 7. Bg5 a6 8. Na3 b5 9. Bxf6 gxf6 10. Nd5 f5 11. Bd3 Be6 12. Qh5 Rg8 13. g3 Rg5 14. Qd1 Bxd5 15. exd5 Ne7 16. c3 Rb8 17. Nc2 e4 18. Be2 Bg7 19. f4 Rg6 20. a4 b4 21. Nxb4 a5 22. Bb5+ Kf8 23. Nc2 Qb6 24. Qd2 Qc5 25. Rd1 h5 26. Qf2 Qc7 27. Ne3 Bf6 28. Rd2 Kg7 29. Kd1 Rh6 30. Kc2 Rhh8 31. Qe2 Qc5 32. Kb1 Rb7 33. Re1 Rc7 34. h3 Kf8 35. g4 hxg4 36. hxg4 Rh4 37. gxf5 Rxf4 38. Qh2 Rh4 39. Qg3 Rh5 40. Qg2 Rh4 41. Ng4 Bxc3 42. Rc2 1-0